000 00821nam a2200229Ii 4500
003 JO-AjNU
008 230605s9999||||xx |||||||||||||| ||und||
017 _a23/0046
020 _a9960-41-248-2
040 _aJO-AjNU
_bara
_erda
_cJO-AjNU
041 _aara
050 1 4 _aPJ6065.R3722 2002
100 3 _aتاليف الرشيد،عبد الله بن سليم,
_eauthor
_924285
245 0 0 _aالأفاكية والنوادر: مدخل لتدريس فنون اللغة العربية
250 _aط1
264 3 1 _aالرياض:دار طويق للنشر والتوزيع، 2002
300 _a151ص
336 _atext
_btxt
_2rdacontent
337 _aunmediated
_bn
_2rdamedia
338 _avolume
_bnc
_2rdacarrier
650 4 _aاللغة العربية-طرق تدريس-الأفاكيه والنوادر
_924286
999 _aA8919
_c12487
_d12487